书目信息 |
| 题名: |
文章分析研究举隅
|
|
| 作者: | 啸马 , 游友基 著 | |
| 分册: | ||
| 出版信息: | 宁德 宁德师专中文科 1979.04 |
|
| 页数: | 174页 | |
| 开本: | 19cm | |
| 丛书名: | ||
| 单 册: | ||
| 中图分类: | H052 | |
| 科图分类: | ||
| 主题词: | 写作学 , 修辞学 | |
| 电子资源: | ||
| ISBN: | ||
| 000 | 00534nam0 2200205 45 | |
| 001 | 0404241025 | |
| 005 | 20060524104045.75 | |
| 010 | @dCNY | |
| 100 | @a20040424d1979 km y0chiy0120 ea | |
| 101 | 0 | @achi |
| 200 | 1 | @a文章分析研究举隅@AWen Zhang Fen Xi Yan Jiu Ju Yu@f啸马,游友基著@FXiao Ma,You You Ji Zhu |
| 210 | @a宁德@c宁德师专中文科@d1979.04 | |
| 215 | @a174页@d19cm | |
| 606 | 0 | @a写作学 |
| 606 | 0 | @a修辞学 |
| 690 | @aH052@v3 | |
| 701 | 0 | @a啸马@4著 |
| 701 | 0 | @a游友基@4著 |
| 801 | @aCN@bPftUser@c20060524 | |
| 905 | @dH052@e3 | |
| 文章分析研究举隅/啸马,游友基著.-宁德:宁德师专中文科,1979.04 |
| 174页;19cm |
| ISBN :CNY |
| ● |
| 相关链接 |
|
|
|
|
正题名:文章分析研究举隅
索取号:H052/3
 
预约/预借
| 序号 | 登录号 | 条形码 | 馆藏地/架位号 | 状态 | 备注 |
| 1 | 0013450 | 202321219 | 密集书库/ [索取号:H052/3] | 在馆 | |
| 2 | 0013453 | 202390117 | 密集书库/ [索取号:H052/3] | 在馆 | |
| 3 | 0013454 | 202321530 | 密集书库/ [索取号:H052/3] | 在馆 | |
| 4 | 0013457 | 202321488 | 密集书库/ [索取号:H052/3] | 在馆 | |
| 5 | 0013458 | 202390073 | 密集书库/ [索取号:H052/3] | 在馆 | |
| 6 | 0013459 | 202321246 | 密集书库/ [索取号:H052/3] | 在馆 | |
| 7 | 0013460 | 000821196 | 第四借阅区/ [索取号:H052/3] | 在馆 | |
| 8 | 0013468 | 202199913 | 密集书库/ [索取号:H052/3] | 在馆 | |
| 9 | 0013469 | 202390180 | 密集书库/ [索取号:H052/3] | 在馆 | |
| 10 | 0013484 | 000821169 | 第四借阅区/ [索取号:H052/3] | 在馆 | |
| 11 | 0013488 | 202321451 | 密集书库/ [索取号:H052/3] | 在馆 | |
| 12 | 0013489 | 202321200 | 密集书库/ [索取号:H052/3] | 在馆 | |
| 13 | 0013491 | 202321497 | 密集书库/ [索取号:H052/3] | 在馆 | |
| 14 | 0013492 | 202390199 | 密集书库/ [索取号:H052/3] | 在馆 | |
| 15 | 0013493 | 202321255 | 密集书库/ [索取号:H052/3] | 在馆 | |
| 16 | 0013495 | 000821141 | 第四借阅区/ [索取号:H052/3] | 在馆 | |
| 17 | 0013496 | 000821187 | 第四借阅区/ [索取号:H052/3] | 在馆 | |
| 18 | 0013498 | 202390108 | 密集书库/ [索取号:H052/3] | 在馆 | |
| 19 | 0013499 | 000821178 | 第四借阅区/ [索取号:H052/3] | 在馆 | |
| 20 | 0013500 | 000821150 | 第四借阅区/ [索取号:H052/3] | 在馆 | |
| 21 | 0013501 | 202390037 | 密集书库/ [索取号:H052/3] | 在馆 | |
| 22 | 0013502 | 202321521 | 密集书库/ [索取号:H052/3] | 在馆 | |
| 23 | 0013504 | 202390144 | 密集书库/ [索取号:H052/3] | 在馆 | |
| 24 | 0013505 | 202390153 | 密集书库/ [索取号:H052/3] | 在馆 | |
| 25 | 0013506 | 202390224 | 密集书库/ [索取号:H052/3] | 在馆 |